| 000 | 00492nam a22001577a 4500 | ||
|---|---|---|---|
| 003 | OSt | ||
| 005 | 20260525121802.0 | ||
| 008 | 260525b |||||||| |||| 00| 0 eng d | ||
| 024 | _aMKIS/6005/2021 | ||
| 040 | _cRongo University | ||
| 050 |
_aPL 8704 _b.M63 2025 |
||
| 100 | _aBunde Jemimah Mody. | ||
| 245 |
_aTathmini Ya Usawiri wa Wahusika Katika Filamu Za Kiswahili: _bmfano wa Taharuki Kiswani na Aziza. |
||
| 260 |
_aRongo University Kenya _bRongo University _c2025 |
||
| 942 |
_2lcc _cREF |
||
| 999 |
_c266291 _d266290 |
||